Click the Panic! At The Disco Song Title Ending - Statistics

General Stats
  • This quiz has been taken 74 times
  • The average score is 22 of 30
Answer Stats
Hint Answer % Correct
Emperors New Clothes
96%
High Hopes
96%
I Write Sins Not Tragedies
94%
Girl That You Love
87%
But It's Better If You Do
85%
Build God, Then We'll Talk
85%
House Of Memories
83%
Dying In LA
81%
All By Yourself
81%
Middle Of A Breakup
80%
Time To Dance
80%
This is Gospel
80%
Sarah Smiles
80%
Vegas Lights
78%
The Greatest Show
76%
Old Fashioned
74%
Mad As Rabbits
74%
King Of The Clouds
72%
Let's Kill Tonight
72%
That Green Gentleman
70%
New Perspective
70%
Golden Days
69%
Nearly Witches
67%
She Had The World
65%
Sad Clown
61%
Impossible Year
61%
Trade Mistakes
57%
Behind The Sea
57%
Collar Full
56%
Local God
54%
No matching quizzes found
Score Distribution
Percent of People with Each Score
Percentile by Number Answered
Your Score History
You have not taken this quiz